01577nam a2200301 i 4500001001000000003000900010005001700019007000300036008004100039040003000080082002400110245039500134264005300529300003100582336002700613337003300640338002800673500013100701500007700832590002700909600004900936651005000985651006101035910000701096942001401103952014101117999001701258000022590DO-SdBNP20241017111227.0ta241017s1936 dr 000 0 spa d aDO-SdBNPbspacBNPHUerda 4a944.9903bM294f2220 aManuscrito francés del año 1715 dirigido al Ministro de Hacienda de Luis XV (encuaderno a las armas del referido Ministro) Rouillé Du Coudray, suplicado a su excelencia generalísimo don Rafael Leonadas Trujillo Molina, Presidente de la República Dominicana en prueba de la respetuosa admiración y de la lealtad de su Cónsul Honorario en Caen (Francia) el Conde Hanot d'Hartoy. 1aCiudad desconocida :bEditora desconocida,c1936 apaginas variadas ;c32 cm. atextobtxt2rdacontent asin mediaciónbn2rdamedia avolumenbnc2rdacarrier aEn prueba de la respetuosa admiración y de la lealtad de su consul honorario en Caen (Francia) el Conde Hanot D`Hartoy, 1936 aA la cabeza del titulo : Contribución a la historia de Santo Domingo . aInventariado, 2024/ DG10aLuis XIV, Rey de Francia,d 1638-1715986713 7aFrancia xRelacioneszDominicanay1715986714 7aRepública DominicanaxRelacioneszFranciay1715986715 aDG 2ddccLBS1 00102ddc51708PD-RVaBNPHUbBNPHUcHDd2024-10-17edonaciónl0oBNPHU PD-RV 944.9903 M294fp2024-5936r2024-10-17w2024-10-17yLBS1 c57888d57888